00640nam a22001817a 450000500170000001000150001702000300003203500140006203700130007608200100008910000200009924501290011926000610024827000770030930000210038670000230040770000280043020210225125950.0 aENG-129059 c499.00a978-1-52940-129-5 aEN-112591 bDBAD/PUB a158.1 aGarcia, Hector  aThe Book of Ichigo Ichie: the art of making the most of every moment, the Japanese way/cHector Garcia and Francesc Miralles aGurugrambHachette Book Publishing India Pvt. Ltd.c2019 bGurugrama4th/5th Floors, Corporate Centre, Plot No- 94, Sec- 44e122003 a196p.c20cm(hbk) aMiralles, Francesc aWhittle, Charlotte, Tr.